| 000 | 00519nam a2200109Ia 4500 | ||
|---|---|---|---|
| 008 | 171212s9999 xx 000 0 und d | ||
| 100 | _aTimbie, Justin W.;Hussey, Peter S.;Burgette, Lane F.;Wenger, Neil S.;Rastegar, Afshin | ||
| 245 |
_cTimbie, Justin W.;Hussey, Peter S.;Burgette, Lane F.;Wenger, Neil S.;Rastegar, Afshin _aMedicare Imaging Demonstration Final Evaluation _bReport to Congress |
||
| 260 |
_bRAND Corporation _c2014 |
||
| 650 | _aHealth Sciences | ||
| 856 | _uhttp://www.jstor.org/stable/10.7249/j.ctt14bs4fw | ||
| 999 |
_c352314 _d352314 |
||